[Event "7 Memorial Gino Serafini"]
[Site "?"]
[Date "2021.10.03"]
[Round "5"]
[White "Di Lascio , Savino "]
[Black "Cobas Ferrer , Dayamy "]
[Result "1-0"]
[WhiteElo "1904"]
[BlackElo "1942"]
[PlyCount "125"]
[EventDate "2021.07.19"]
[SourceDate "2021.02.21"]

1. Nf3 Nf6 2. g3 d6 3. Bg2 e5 4. d3 Nbd7 5. O-O g6 6. b4 Bg7 7. Bb2 O-O 8. Nbd2
Nh5 9. Ne1 f5 10. Bd5+ Kh8 11. f4 exf4 12. Bxg7+ Kxg7 13. gxf4 Qe7 14. Ng2 c6
15. Bf3 Nxf4 16. Nxf4 Qe3+ 17. Kh1 Qxf4 18. Bxc6 Qxb4 19. Rb1 Qc5 20. Bg2 Rb8
21. e4 f4 22. Nf3 Nf6 23. c4 Ng4 24. Qe2 Ne3 25. Rb5 Qc7 26. Rfb1 Kg8 27. e5 a6
28. exd6 Qxd6 29. Rb6 Qc7 30. Qb2 Bf5 31. Ne5 Nxg2 32. Kxg2 Rfe8 33. Re1 Qg7
34. d4 g5 35. c5 Be6 36. c6 Bd5+ 37. Kg1 g4 38. Rxb7 Rxb7 39. cxb7 Qxb7 40.
Qxb7 Bxb7 41. Rb1 Bc8 42. Kf2 Bf5 43. Rb6 Rc8 44. Nc6 Kf7 45. Rxa6 Be4 46. Ne5+
Ke7 47. Nxg4 Rc2+ 48. Ke1 Rg2 49. Nf6 Bd3 50. Nd5+ Kd7 51. Ra7+ Kd6 52. Nxf4
Rxh2 53. Nxd3 Kd5 54. Ra4 h5 55. Nf2 h4 56. Ke2 Rg2 57. Kf1 Rg3 58. Ra5+ Kxd4
59. Ra4+ Ke5 60. Rxh4 Ra3 61. Rh2 Kd4 62. Nd1 Kc4 63. Rb2 1-0